Tích hợp nội dung giáo dục bảo vệ môi trường cho học sinh qua môn Đạo Đức lớp 4

Cơ sở lí luận của việc tích hợp nội dung giáo dục bảo vệ môi trường cho học sinh qua môn Đạo Đức lớp 4. Tích hợp nội dung giáo dục bảo vệ môi trường cho học sinh qua môn Đạo Đức lớp 4

Gorde:
Xehetasun bibliografikoak
Egile nagusia: Nguyễn, Thị Thu H (Tác giả)
Beste egile batzuk: Trần, Thị Kim Cúc Th.S (Hướng dẫn)
Formatua: Liburua
Hizkuntza:Vietnamese
Argitaratua: Đại học Đà Nẵng Trường Đại Học Sư Phạm 2011
Saila:Báo cáo nghiên cứu khoa học. Chuyên ngành : Sư phạm Tiểu học
Gaiak:
Etiketak: Etiketa erantsi
Etiketarik gabe, Izan zaitez lehena erregistro honi etiketa jartzen!
Thư viện lưu trữ: Mạng thư viện Đại học Đà Nẵng
LEADER 01637nam a2200337 4500
001 000012842
003 9166
005 20120229090229.0
008 120229s2011 viesd
041 |a vie 
072 |a Công trình nghiên cứu khoa học 
082 |a 372.83  |b NG-H 
100 |a Nguyễn, Thị Thu Hà  |e Tác giả 
245 |a Tích hợp nội dung giáo dục bảo vệ môi trường cho học sinh qua môn Đạo Đức lớp 4  |c Nguyễn Thị Thu Hà, Lê Thị Thương 
260 |a Đại học Đà Nẵng  |b Trường Đại Học Sư Phạm  |c 2011 
300 |a 33 tr.  |b hình mhọa  |c 29 cm 
490 |a Báo cáo nghiên cứu khoa học. Chuyên ngành : Sư phạm Tiểu học 
500 |a Tham khảo tr. 51 + phụ luc [21 tr.] 
520 |a Cơ sở lí luận của việc tích hợp nội dung giáo dục bảo vệ môi trường cho học sinh qua môn Đạo Đức lớp 4. Tích hợp nội dung giáo dục bảo vệ môi trường cho học sinh qua môn Đạo Đức lớp 4 
653 |a môn Đạo đức lớp 4  |a bảo vệ môi trường 
700 |a Trần, Thị Kim Cúc  |c Th.S  |e Hướng dẫn 
OWN |a LSP 
AVA |a UDN50  |b LSP  |d 372.83 NG-H  |e available  |t Error 5001 Not defined in file expand_doc_bib_avail.  |f 1  |g 0  |h N  |i 0  |k 1 
999 |a From the UDN01 
AVA |a UDN50  |b LSP  |d 372.83 NG-H  |e available  |t Error 5001 Not defined in file expand_doc_bib_avail.  |f 1  |g 0  |h N  |i 0  |k 1 
TYP |a Monograph 
TYP |a Printed language 
980 |a Mạng thư viện Đại học Đà Nẵng